<?xml version="1.0" encoding="UTF-8"?>
<record
    xmlns:xsi="http://www.w3.org/2001/XMLSchema-instance"
    xsi:schemaLocation="http://www.loc.gov/MARC21/slim http://www.loc.gov/standards/marcxml/schema/MARC21slim.xsd"
    xmlns="http://www.loc.gov/MARC21/slim">

  <leader>04149nam a2200421 i 4500</leader>
  <controlfield tag="001">2679</controlfield>
  <controlfield tag="003">gtuscu</controlfield>
  <controlfield tag="005">20260210154437.0</controlfield>
  <controlfield tag="007">ta</controlfield>
  <controlfield tag="008">260210e2000    spaa|||| |||| 00| 0 gt  d</controlfield>
  <datafield tag="040" ind1=" " ind2=" ">
    <subfield code="a">gtuscu</subfield>
    <subfield code="b">spa</subfield>
    <subfield code="c">gtuscu</subfield>
    <subfield code="d">gtuscu</subfield>
    <subfield code="e">rda</subfield>
  </datafield>
  <datafield tag="082" ind1="0" ind2="4">
    <subfield code="a">CEUR 333.32 M829</subfield>
  </datafield>
  <datafield tag="100" ind1="1" ind2=" ">
    <subfield code="a">Mor&#xE1;n M&#xE9;rida, Amanda</subfield>
    <subfield code="d">1952- ;</subfield>
    <subfield code="9">5</subfield>
    <subfield code="e">creadora</subfield>
  </datafield>
  <datafield tag="245" ind1="1" ind2=" ">
    <subfield code="a">Condiciones de vida y tenencia de la tierra en asentamientos precarios de la ciudad de Guatemala /</subfield>
    <subfield code="c">Amanda Mor&#xE1;n M&#xE9;rida; dise&#xF1;o de portada y edici&#xF3;n Nelson Orlando Morales Borrayo</subfield>
  </datafield>
  <datafield tag="250" ind1=" " ind2=" ">
    <subfield code="a">Segunda edici&#xF3;n corregida y aumentada</subfield>
  </datafield>
  <datafield tag="264" ind1=" " ind2="1">
    <subfield code="a">Guatemala :</subfield>
    <subfield code="b">Universidad de San Carlos de Guatemala, Direcci&#xF3;n General de Investigaci&#xF3;n, Programa Universitario de Investigaci&#xF3;n en Asentamiento Humanos, Universidad Aut&#xF3;noma de Madrid, Centro de Estudios Urbanos y Regionales,</subfield>
    <subfield code="c">2000.</subfield>
  </datafield>
  <datafield tag="300" ind1=" " ind2=" ">
    <subfield code="a">174 p&#xE1;ginas :</subfield>
    <subfield code="b">ilustraciones blanco y negro ;</subfield>
    <subfield code="c">21 cm</subfield>
  </datafield>
  <datafield tag="336" ind1=" " ind2=" ">
    <subfield code="2">rdacontenido</subfield>
    <subfield code="a">texto</subfield>
    <subfield code="b">txt</subfield>
  </datafield>
  <datafield tag="337" ind1=" " ind2=" ">
    <subfield code="2">rdamedio</subfield>
    <subfield code="a">sin mediaci&#xF3;n</subfield>
    <subfield code="b">n</subfield>
  </datafield>
  <datafield tag="338" ind1=" " ind2=" ">
    <subfield code="2">rdasoporte</subfield>
    <subfield code="a">volumen</subfield>
    <subfield code="b">nc</subfield>
  </datafield>
  <datafield tag="500" ind1=" " ind2=" ">
    <subfield code="a">Publicaciones commemorativas "XXV Aniversario" del CEUR (1975-2000).</subfield>
  </datafield>
  <datafield tag="505" ind1="0" ind2=" ">
    <subfield code="a">Presentaci&#xF3;n --</subfield>
  </datafield>
  <datafield tag="505" ind1="0" ind2=" ">
    <subfield code="a">I.</subfield>
    <subfield code="t">Introducci&#xF3;n --</subfield>
  </datafield>
  <datafield tag="505" ind1="0" ind2=" ">
    <subfield code="a">1.</subfield>
    <subfield code="t">Antecedentes hist&#xF3;ricos --</subfield>
  </datafield>
  <datafield tag="505" ind1="0" ind2=" ">
    <subfield code="a">2.</subfield>
    <subfield code="t">Los asentamientos precarios de la ciudad de Guatemala: Situaci&#xF3;n actual --</subfield>
  </datafield>
  <datafield tag="505" ind1="0" ind2=" ">
    <subfield code="a">3.</subfield>
    <subfield code="t">Tenencia de la tierra en los asentamientos precarios --</subfield>
  </datafield>
  <datafield tag="505" ind1="0" ind2=" ">
    <subfield code="a">4.</subfield>
    <subfield code="t">Experiencias de regulaci&#xF3;n (1944-94) --</subfield>
  </datafield>
  <datafield tag="505" ind1="0" ind2=" ">
    <subfield code="a">5.</subfield>
    <subfield code="t">El papel del Estado en los procesos de regularizaci&#xF3;n de la propiedad de la tierra en los asentamientos precarios --</subfield>
  </datafield>
  <datafield tag="505" ind1="0" ind2=" ">
    <subfield code="a">II.</subfield>
    <subfield code="t">Conclusiones y recomendaciones --</subfield>
  </datafield>
  <datafield tag="505" ind1="0" ind2=" ">
    <subfield code="a">III.</subfield>
    <subfield code="t">Bibliograf&#xED;a --</subfield>
  </datafield>
  <datafield tag="505" ind1="0" ind2=" ">
    <subfield code="a">IV.</subfield>
    <subfield code="t">Anexo.</subfield>
  </datafield>
  <datafield tag="520" ind1="3" ind2=" ">
    <subfield code="a">Tomado de la solapa. El Centro de Estudios Urbanos y Regionales se complace en iniciar con la reedici&#xF3;n de este libro, la serie de publicaciones conmemorativas de sus veinticinco a&#xF1;os de creaci&#xF3;n (1975-2000). Durante ese tiempo ha sido preocupaci&#xF3;n constante, producir y desarrollar conocimiento en el campo de los estudios urbanos y regionales, dentro de sus tres grandes &#xE1;reas tem&#xE1;ticas: historia territorial, din&#xE1;mica territorial, din&#xE1;mica social y pol&#xED;ticas y r&#xE9;gimen legal territorial.
L&#xED;nea prioritaria de investigaci&#xF3;n del Centro es el estudio de una de las expresiones del desarrollo desigual de nuestras ciudades, como son los asentamientos precarios. 
Desde distintos enfoques y en diferentes per&#xED;odos, investigadores como Luis Alvarado Constenla, Flavio Quesada Salda&#xF1;a, Florent&#xED;n Mart&#xED;nez L&#xF3;pez y Amanda Mor&#xE1;n M&#xE9;rida, se han ocupado de este fen&#xF3;meno que afecta a gran parte de la poblaci&#xF3;n del &#xC1;rea Metropolitana de la ciudad de Guatemala y las principales ciudades secundarias del pa&#xED;s.
Las condiciones de falta de servicios, deficiente vivienda y en general el empobrecimiento de los pobladores de estas &#xE1;reas, nos muestra claramente que la falta de pol&#xED;ticas de vivienda y la falta de equidad en la distribuci&#xF3;n de la riqueza que afectan al pa&#xED;s, no s&#xF3;lo impactan negativamente en las condiciones de vida de los sectores sociales m&#xE1;s excluidos, sino se encuentran estrechamente vinculadas con las desiguales caracter&#xED;sticas territoriales y espaciales de nuestro pa&#xED;s.
La magnitud de este fen&#xF3;meno en el &#xC1;rea Metropolitana de la ciudad de Guatemala, en donde el 33% de la poblaci&#xF3;n subsiste en la ciudad en &#xE1;reas precarias, no puede ser vista sin preocupaci&#xF3;n. Ante la falta de acceso a la tierra a trav&#xE9;s del mercado inmobiliario, persisten las acciones de ocupaci&#xF3;n de tierras privadas y estatales. Por ello el estudio de la tierra urbana, su acceso, tenencia y uso, son cuestiones cruciales para entender y explicar los procesos de segregaci&#xF3;n en nuestras ciudades.
</subfield>
  </datafield>
  <datafield tag="650" ind1="1" ind2="7">
    <subfield code="2">LEMB</subfield>
    <subfield code="a">Tenencia de la tierra</subfield>
    <subfield code="z">Ciudad de Guatemala</subfield>
    <subfield code="9">76</subfield>
  </datafield>
  <datafield tag="650" ind1="1" ind2="7">
    <subfield code="2">LEMB</subfield>
    <subfield code="a">Asentamientos humanos</subfield>
    <subfield code="z">Ciudad de Guatemala</subfield>
    <subfield code="9">77</subfield>
  </datafield>
  <datafield tag="650" ind1="1" ind2="7">
    <subfield code="a">Asentamientos humanos</subfield>
    <subfield code="x">Aspectos socioecon&#xF3;micos</subfield>
    <subfield code="9">78</subfield>
  </datafield>
  <datafield tag="700" ind1="1" ind2=" ">
    <subfield code="a">Morales Borrayo, Nelson Orlando</subfield>
    <subfield code="d">1970- ;</subfield>
    <subfield code="9">13</subfield>
    <subfield code="e">dise&#xF1;o de portada y edici&#xF3;n.</subfield>
  </datafield>
  <datafield tag="942" ind1=" " ind2=" ">
    <subfield code="2">ddc</subfield>
    <subfield code="c">BK</subfield>
    <subfield code="h">CEUR 333.32 M829</subfield>
    <subfield code="n">0</subfield>
  </datafield>
  <datafield tag="999" ind1=" " ind2=" ">
    <subfield code="c">2679</subfield>
    <subfield code="d">2679</subfield>
  </datafield>
  <datafield tag="952" ind1=" " ind2=" ">
    <subfield code="0">0</subfield>
    <subfield code="1">0</subfield>
    <subfield code="2">ddc</subfield>
    <subfield code="4">0</subfield>
    <subfield code="7">0</subfield>
    <subfield code="8">gn</subfield>
    <subfield code="a">BICEUR</subfield>
    <subfield code="b">BICEUR</subfield>
    <subfield code="d">2000-08-02</subfield>
    <subfield code="e">Donaci&#xF3;n</subfield>
    <subfield code="i">16H-BF51</subfield>
    <subfield code="l">0</subfield>
    <subfield code="o">CEUR 333.32 M829</subfield>
    <subfield code="p">BFQS00076</subfield>
    <subfield code="r">2026-02-10 15:20:47</subfield>
    <subfield code="w">2026-02-10</subfield>
    <subfield code="y">BK</subfield>
    <subfield code="z">Disponible</subfield>
  </datafield>
  <datafield tag="952" ind1=" " ind2=" ">
    <subfield code="0">0</subfield>
    <subfield code="1">0</subfield>
    <subfield code="2">ddc</subfield>
    <subfield code="4">0</subfield>
    <subfield code="7">0</subfield>
    <subfield code="8">gn</subfield>
    <subfield code="a">BICEUR</subfield>
    <subfield code="b">BICEUR</subfield>
    <subfield code="d">2000-08-02</subfield>
    <subfield code="e">Donaci&#xF3;n</subfield>
    <subfield code="i">16H-BF52</subfield>
    <subfield code="l">0</subfield>
    <subfield code="o">CEUR 333.32 M829 C.2</subfield>
    <subfield code="p">BFQS00077</subfield>
    <subfield code="r">2026-02-10 15:20:00</subfield>
    <subfield code="t">C.2</subfield>
    <subfield code="w">2026-02-10</subfield>
    <subfield code="y">BK</subfield>
    <subfield code="z">Disponible</subfield>
  </datafield>
  <datafield tag="952" ind1=" " ind2=" ">
    <subfield code="0">0</subfield>
    <subfield code="1">0</subfield>
    <subfield code="2">ddc</subfield>
    <subfield code="4">0</subfield>
    <subfield code="7">0</subfield>
    <subfield code="8">gn</subfield>
    <subfield code="a">BICEUR</subfield>
    <subfield code="b">BICEUR</subfield>
    <subfield code="d">2000-08-02</subfield>
    <subfield code="e">Donaci&#xF3;n</subfield>
    <subfield code="i">16H-BF53</subfield>
    <subfield code="l">0</subfield>
    <subfield code="o">CEUR 333.32 M829 C.3</subfield>
    <subfield code="p">BFQS00078</subfield>
    <subfield code="r">2026-02-10 15:20:00</subfield>
    <subfield code="t">C.3</subfield>
    <subfield code="w">2026-02-10</subfield>
    <subfield code="y">BK</subfield>
    <subfield code="z">Disponible</subfield>
  </datafield>
  <datafield tag="952" ind1=" " ind2=" ">
    <subfield code="0">0</subfield>
    <subfield code="1">0</subfield>
    <subfield code="2">ddc</subfield>
    <subfield code="4">0</subfield>
    <subfield code="7">0</subfield>
    <subfield code="8">gn</subfield>
    <subfield code="a">BICEUR</subfield>
    <subfield code="b">BICEUR</subfield>
    <subfield code="d">2000-08-02</subfield>
    <subfield code="e">Donaci&#xF3;n</subfield>
    <subfield code="i">16H-BF54</subfield>
    <subfield code="l">0</subfield>
    <subfield code="o">CEUR 333.32 M829 C.4</subfield>
    <subfield code="p">BFQS00079</subfield>
    <subfield code="r">2026-02-10 15:20:00</subfield>
    <subfield code="t">C.4</subfield>
    <subfield code="w">2026-02-10</subfield>
    <subfield code="y">BK</subfield>
    <subfield code="z">Disponible</subfield>
  </datafield>
</record>
